| 000 | 00474nam a2200169Ia 4500 | ||
|---|---|---|---|
| 005 | 20251020104105.0 | ||
| 008 | 231207s9999 xx 000 0 und d | ||
| 020 | _a0748701915 | ||
| 040 | _cPK-LaNCA | ||
| 082 |
_aMUS 792.0712 _bONE |
||
| 100 | _aO'Neill, Cecily | ||
| 245 | 0 | _aDrama structures: a practical handbook for teachers | |
| 260 |
_bStanley Thornes Publishers _aCheltenham, UK _c1990 |
||
| 300 | _a237p | ||
| 650 | _aDrama - Study and teaching | ||
| 942 | _cMUSIC | ||
| 999 |
_c27449 _d27449 |
||